La Parroquia / (Record no. 174896)
[ view plain ]
| 000 -LEADER | |
|---|---|
| campo de control de longitud fija | 00519namaa22001571 4500 |
| 001 - NÚMERO DE CONTROL | |
| campo de control | 174896 |
| 003 - IDENTIFICADOR DE NÚMERO DE CONTROL | |
| campo de control | ES-MaACL |
| 005 - FECHA Y HORA DE LA ÚLTIMA TRANSACCIÓN | |
| campo de control | 20250907063131.0 |
| 008 - DATOS DE LONGITUD FIJA--INFORMACIÓN GENERAL | |
| campo de control de longitud fija | 100621s1916 sp |||| | spa d |
| 100 1# - ENTRADA PRINCIPAL--NOMBRE DE PERSONA | |
| Nombre de persona | Navas, Juan Gualberto López Valdemoro de Quesada, |
| Títulos y otros términos asociados al nombre | Conde de las, |
| Fechas asociadas al nombre | 1855-1935 |
| 9 (RLIN) | 85203 |
| 245 13 - MENCIÓN DEL TÍTULO | |
| Título | La Parroquia / |
| Mención de responsabilidad, etc. | por el Conde de las Navas. |
| 260 ## - PUBLICACIÓN, DISTRIBUCIÓN, ETC. | |
| Lugar de publicación, distribución, etc. | Madrid : |
| Nombre del editor, distribuidor, etc. | [s.n.], |
| Fecha de publicación, distribución, etc. | 1916 ( |
| Fabricante | Gran Imp. Católica) |
| 300 ## - DESCRIPCIÓN FÍSICA | |
| Extensión | 406 p., 1 h. ; |
| Dimensiones | 18 cm. |
| 852 ## - LOCALIZACIÓN | |
| Ubicación | ES-MaACL |
| Número de control de estantería | F-6918 |
| Estatus retirado | Estado de pérdida | Estado de daño | No para préstamo | Biblioteca de origen | Biblioteca actual | Ubicación en estantería | Fecha de adquisición | Fuente de adquisición | Total de préstamos | Signatura topográfica completa | Código de barras | Visto por última vez | Precio de reemplazo | Tipo de ítem Koha |
|---|---|---|---|---|---|---|---|---|---|---|---|---|---|---|
| Biblioteca del Ateneo de Madrid | Biblioteca del Ateneo de Madrid | Depósito 2 | 21/06/2010 | F-6918 | 1183618 | 23/02/2023 | 23/02/2023 | Libro impreso |
